| 000 | 01301nam a2200253Ia 4500 | ||
|---|---|---|---|
| 003 | Ost | ||
| 005 | 20260507075251.0 | ||
| 008 | 260507s9999||||xx |||||||||||||| ||und|| | ||
| 020 | _a60755799539 | ||
| 040 | _cfsecg | ||
| 041 | _aara | ||
| 082 | _a330 | ||
| 100 |
_aنورالدين، سعاد _eمؤلف |
||
| 245 | 0 |
_aالسكان و التنمية : _bمقاربة سوسيوتنموية / _c سعاد نورالدين |
|
| 260 |
_aبيروت: _bدار المنهل اللبناني, _c2010 |
||
| 300 |
_a712 صفحة؛ _bإيضاحات ؛ _c24 سم |
||
| 504 | _aمراجع ص.655 ؛ جداول ص.679 ؛ ملحق الخرائط و الرسوم البيانية ص.687 | ||
| 520 | _aمفهوم التنمية و تطور الاقتصاد اللبناني ، معطيات و مؤسسسات لبنان الجنوبي ، واقع القطاعات الاقتصادية و الاجتماعية في لبنان و لبنان الجنوبي ، أثر الاوضاع الاقتصادية و الاجتماعية في لبنان و لبنان الجنوبي في الأوضاع الديمغرافية ( النزوح و الهجرة و التهجير). | ||
| 653 | _aالتنمية | ||
| 653 | _aالديموغرافيا | ||
| 653 | _aالسكان | ||
| 653 | _aلبنان | ||
| 942 | _cكتاب | ||
| 999 |
_c43695 _d43695 |
||